000
00234nam a2200097Ia 4500
001
850091
005
20250826174431.0
008
250824s9999 xx 000 0 und d
245
0
_a
SOĞUK KAHVE
_c
AHMET BATMAN
260
_b
DESTEK YAYINLARI
999
_c
850091
_d
850091